| 000 | 00385nam a2200169Ia 4500 | ||
|---|---|---|---|
| 008 | 221030s9999 xx 000 0 und d | ||
| 020 | _a0074517996 | ||
| 041 | _aEnglish | ||
| 082 |
_a105.23 _bNag |
||
| 100 | _aI. J. Nagrath | ||
| 245 | 0 | _aModern Power System Analysis | |
| 260 |
_bTMH _aNew Delhi _c1989 |
||
| 300 | _a518 | ||
| 650 | _aEE | ||
| 700 | _aD. P. Kothari | ||
| 942 | _cBK | ||
| 999 |
_c1466 _d1466 |
||